Central Library OPAC University of Rajshahi

The Teahouse of the August Moon / (Record no. 18718)

MARC details
000 -LEADER
fixed length control field 00820nam a22002772a 4500
001 - CONTROL NUMBER
control field 18718
003 - CONTROL NUMBER IDENTIFIER
rucl marc code BD-RjUL
005 - DATE AND TIME OF LATEST TRANSACTION
control field 20211209000326.0
008 - FIXED-LENGTH DATA ELEMENTS--GENERAL INFORMATION
fixed length control field 140222t1952enk 000 0 eng d
020 ## - INTERNATIONAL STANDARD BOOK NUMBER
International Standard Book Number 0435206974
035 ## - SYSTEM CONTROL NUMBER
System control number DX400828=U
System control number (BD-RjUL)18776
040 ## - CATALOGING SOURCE
Original cataloging agency VA@
Transcribing agency VA@
Modifying agency UKM
-- BD-RjUL
Language of cataloging eng
041 ## - LANGUAGE CODE
Language code of text/sound track or separate title eng
082 ## - DEWEY DECIMAL CLASSIFICATION NUMBER
Classification number 812.5
Edition number 18
090 ## - LOCALLY ASSIGNED LC-TYPE CALL NUMBER (OCLC); LOCAL CALL NUMBER (OCLC)
Classification number (OCLC) (R) ; Classification number, CALL (RLIN) (NR) PS3566.A78
Local cutter number (OCLC) ; Book number/undivided call number, CALL (RLIN) T4 1955
100 1# - MAIN ENTRY--PERSONAL NAME
Personal name Patrick, John,
Dates associated with a name 1905-1995
9 (RLIN) 57664
245 14 - TITLE STATEMENT
Title The Teahouse of the August Moon /
Statement of responsibility, etc. by John Patrick ; adapted from the novel by Vern Sneider
260 ## - PUBLICATION, DISTRIBUTION, ETC. (IMPRINT)
Place of publication, distribution, etc. London :
Name of publisher, distributor, etc. Heinemann Educational Books,
Date of publication, distribution, etc. c1952.
300 ## - PHYSICAL DESCRIPTION
Pagination 180 p. :
Size 21 cm
490 1# - SERIES STATEMENT
Series statement Drama library
700 1# - ADDED ENTRY--PERSONAL NAME
Personal name Sneider, Vern.
830 #0 - SERIES ADDED ENTRY--UNIFORM TITLE
Uniform title Drama library
942 ## - ADDED ENTRY ELEMENTS (KOHA)
Source of classification or shelving scheme Dewey Decimal Classification
Koha item type Books
Holdings
Lost status Source of classification or shelving scheme Damaged status Not for loan Collection code Permanent Location Current Location Shelving location Date acquired Source of acquisition Total Checkouts Full call number Date last seen Copy number Koha item type
  Dewey Decimal Classification   Not For Loan Fiction Central Library, University of Rajshahi Central Library, University of Rajshahi Reading Room 14/02/1958 U. S. I. S.Dacca   812.5 PAT 1952 22/02/2014 C-1 Books